Lahore: (Record no. 608363)
[ view plain ]
| 000 -LEADER | |
|---|---|
| fixed length control field | 00582nam a22001817a 4500 |
| 003 - CONTROL NUMBER IDENTIFIER | |
| control field | OSt |
| 005 - DATE AND TIME OF LATEST TRANSACTION | |
| control field | 20240227134158.0 |
| 008 - FIXED-LENGTH DATA ELEMENTS--GENERAL INFORMATION | |
| fixed length control field | 200303t xxu||||| |||| 00| 0 eng d |
| 020 ## - INTERNATIONAL STANDARD BOOK NUMBER | |
| International Standard Book Number | 9783791369150 |
| 040 ## - CATALOGING SOURCE | |
| Original cataloging agency | SADA |
| Transcribing agency | SADA |
| 082 ## - DEWEY DECIMAL CLASSIFICATION NUMBER | |
| Edition number | 22 |
| Classification number | 954.9143 |
| Author Mark | LAH 2019 |
| 110 14 - MAIN ENTRY--CORPORATE NAME | |
| Corporate name or jurisdiction name as entry element | The Aga Khan Historic Cities Programme |
| 9 (RLIN) | 121548 |
| 245 00 - TITLE STATEMENT | |
| Title | Lahore: |
| Remainder of title | a framework for urban conservation |
| Statement of responsibility, etc. | edited by Philip Jodidio |
| 260 ## - PUBLICATION, DISTRIBUTION, ETC. | |
| Place of publication, distribution, etc. | Munich: |
| Name of publisher, distributor, etc. | Prestel, |
| Date of publication, distribution, etc. | 2019. |
| 300 ## - PHYSICAL DESCRIPTION | |
| Extent | 400 p. |
| 942 ## - ADDED ENTRY ELEMENTS (KOHA) | |
| Source of classification or shelving scheme | |
| Koha item type | Book |
| Institution code [OBSOLETE] | SADA |
| Call number prefix | 954.9143 LAH 2019 |
| Withdrawn status | Lost status | Source of classification or shelving scheme | Damaged status | Not for loan | Permanent Location | Current Location | Date acquired | Source of acquisition | Total Checkouts | Total Renewals | Full call number | Barcode | Checked out | Date last seen | Date last checked out | Price effective from | Koha item type |
|---|---|---|---|---|---|---|---|---|---|---|---|---|---|---|---|---|---|
| School of Art Design and Architecture (SADA) | School of Art Design and Architecture (SADA) | 03/03/2020 | Donation | 4 | 1 | 954.9143 LAH 2019 | SADAD0000441 | 03/26/2026 | 02/19/2026 | 02/19/2026 | 02/27/2024 | Book |
